| 000 | 00702nam a22002417a 4500 | ||
|---|---|---|---|
| 001 | 00028816 | ||
| 005 | 20260420064015.0 | ||
| 008 | 260420b ag ||||| |||| 00| 0 spa d | ||
| 020 | _a9684197306 | ||
| 040 |
_aAR-CcCEOS _bspa _cAR-CcCEOS |
||
| 041 | _aspa | ||
| 080 | _a78 | ||
| 090 | _bHAM1 | ||
| 100 | 1 |
_aHamel, Fred, _d1903-1957 _91076 |
|
| 245 |
_aEnciclopedia de la musica 1 / _cFred Hamel & Martin Hurlimann |
||
| 264 |
_aBarcelona : _bGrijalbo, _cc1987. |
||
| 300 |
_a371 p. ; _c24x12 cm. |
||
| 490 | _vTomo 1 | ||
| 655 | 0 |
_aenciclopedias _vmusica _91047 |
|
| 700 | 1 |
_aHürlimann, Martin, _d1897-1984 _91077 |
|
| 942 |
_2udc _cBK _n0 |
||
| 999 |
_c28852 _d28852 |
||